Sanat "Matkalla" - Anna Puu - Statistics

Yleistilastot
  • Tätä visaa on pelattu 66 kertaa
  • Keskiarvotulos 116 / 153
Vastaustilastot
Vastaus % Oikein
matkalla
100%
en
98%
En
98%
olin
98%
enää
95%
ja
95%
Jos
95%
jos
95%
minne
95%
koskaan
93%
perille
93%
saa
93%
tie
93%
tiedä
93%
pääsenkö
90%
pois
90%
sua
90%
tää
90%
viekö
90%
ajatuksistani
86%
muista
86%
Istun
62%
ruuhkassa
60%
se
60%
viiden
60%
ikkunaan
55%
ratin
55%
sen
55%
takana
55%
höyryä
52%
piirrän
52%
puhallan
52%
puoli
52%
minä
50%
pyyhin
50%
sitten
50%
sydämen
50%
kaista
48%
siihen
48%
viereen
48%
liikkuu
45%
nimen
45%
pysyn
45%
vasen
45%
kirjoitan
43%
paikoillaan
43%
avaan
38%
auki
36%
ikkunan
36%
jono
36%
liikahtaa
36%
mut
36%
joku
33%
mua
33%
muistuttaa
33%
napin
33%
niin
33%
soittaa
33%
susta
33%
torvea
33%
ajan
31%
paidasta
31%
Rullaan
31%
sinusta
31%
taitaa
31%
tarkoittaa
31%
kauemmas
29%
miten
29%
nuo
29%
pilvetkin
29%
seuraan
29%
muodoillaan
26%
Ehtoja vastaavia visoja ei löytynyt
Tulosjakauma
Jokaisen tuloksen saaneiden osuus
Persentiili vastausten määrän mukaan
Tuloshistoriasi
Et ole pelannut tätä visaa